| 000 | 00745nam a22002417a 4500 | ||
|---|---|---|---|
| 003 | DO-SdBNP | ||
| 005 | 20180126144715.0 | ||
| 008 | 160314b 1980 sp ||||| |||| 00| 0 spa d | ||
| 020 | _a8402074871 | ||
| 040 |
_aBPMSU _bspa _cBPMSU |
||
| 100 | 1 | _aLondon, Jack | |
| 240 | 1 | 0 |
_aCall of the wild _lEspañol |
| 245 | 1 | 0 |
_aLa llamada de la selva / _cJack London ; adaptación de Ketty Rico ; ilustraciones de José Ma. Alvarez. |
| 260 |
_aBarcelona : _bBruguera, _c1980. |
||
| 300 |
_a176 p _c20 cm |
||
| 490 | 1 |
_aHistorias. Biblioteca verde _v8 |
|
| 700 | 1 | _aRico, Ketty Rico | |
| 700 | 1 | 2 |
_aAlvarez, José Ma., _eil. |
| 830 | 0 |
_p Historias. Biblioteca verde _v8 |
|
| 942 |
_2ddc _cBK |
||
| 945 | _aInventariado, 2018 /LP | ||
| 956 |
_aLOPEREZ _b10 |
||
| 999 |
_c9215 _d9215 |
||